E257系(幕張車)駅名対象表クイズ - Statistics

General Stats
  • This quiz has been taken 4 times
  • The average score is 26 of 89
Answer Stats
番号 幕(※側面) % Correct
01 回送
100%
02 試運転
100%
03 臨時
100%
04 団体
100%
05 特急
100%
06 急行
100%
07 快速
100%
08 普通
100%
72 ホームライナー
100%
68 ホームライナー千葉
67%
76 千葉
67%
80 安房鴨川
67%
81 木更津
67%
82 君津
67%
86 成東
67%
87 銚子
67%
88 成田
67%
90 鹿島神宮
67%
09 新宿わかしお新宿
33%
10 新宿わかしお安房鴨川
33%
11 わかしお東京
33%
12 わかしお茂原
33%
13 わかしお上総一ノ宮
33%
14 わかしお勝浦
33%
15 わかしお安房鴨川
33%
16 わかしお(勝浦から普通)安房鴨川
33%
20 新宿さざなみ新宿
33%
21 新宿さざなみ館山
33%
23 さざなみ東京
33%
24 さざなみ君津
33%
25 さざなみ館山
33%
31 しおさい東京
33%
32 しおさい成東
33%
33 しおさい銚子
33%
52 特急新宿
33%
53 特急東京
33%
57 特急千葉
33%
58 特急成田
33%
59 特急成田空港
33%
62 特急銚子
33%
64 特急館山
33%
69 ホームライナー津田沼
33%
70 ホームライナー逗子
33%
73 おはようライナー
33%
74 しおさい佐倉
33%
77 茂原
33%
78 勝浦
33%
79 上総一ノ宮
33%
83 館山
33%
89 佐原
33%
17 わかしお(勝浦まで普通)東京
0%
18 わかしお千倉
0%
19 わかしお館山
0%
22 新宿さざなみ千倉
0%
26 さざなみ千倉
0%
27 さざなみ(君津から普通)館山
0%
28 さざなみ(君津から普通)千倉
0%
29 さざなみ(君津まで普通)東京
0%
30 しおさい新宿
0%
34 しおさい(成東から普通)銚子
0%
35 しおさい(成東まで普通)東京
0%
36 あやめ新宿
0%
37 あやめ東京
0%
38 あやめ成田
0%
39 あやめ佐原
0%
40 あやめ鹿島神宮
0%
41 あやめ銚子
0%
42 あやめ(佐原から普通)鹿島神宮
0%
43 あやめ(佐原から普通)銚子
0%
44 あやめ(佐原まで普通)東京
0%
45 あずさ白馬
0%
46 あずさ松本
0%
47 あずさ新宿
0%
48 あずさ千葉
0%
49 かいじ甲府
0%
50 かいじ新宿
0%
51 かいじ千葉
0%
54 特急大船
0%
55 特急大宮
0%
56 特急高尾
0%
60 特急佐原
0%
61 特急鹿島神宮
0%
63 特急安房鴨川
0%
65 特急千倉
0%
66 特急安房鴨川・太海
0%
67 特急安房鴨川・和田浦
0%
71 おはようライナー逗子
0%
84 千倉
0%
85 佐倉
0%
No matching quizzes found
Score Distribution
Percent of People with Each Score
Percentile by Number Answered
Your Score History
You have not taken this quiz